LIBRARY ONLINE CATALOGUE

Teaching English in Africa (Record no. 17233)

MARC details
000 -LEADER
fixed length control field 00540nam a22001577a 4500
008 - FIXED-LENGTH DATA ELEMENTS--GENERAL INFORMATION
fixed length control field 180925b xxu||||| |||| 00| 0 eng d
020 ## - INTERNATIONAL STANDARD BOOK NUMBER
International Standard Book Number 9966560056
050 ## - LIBRARY OF CONGRESS CALL NUMBER
Classification number PE1130
Item number .A53 2015 c.1
100 ## - MAIN ENTRY--PERSONAL NAME
Personal name Anderson, Jason
245 ## - TITLE STATEMENT
Title Teaching English in Africa
Remainder of title A Guide to the Practice of English Language teaching for Teachers and Trainee Teachers
Statement of responsibility, etc. Jason Anderson
260 ## - PUBLICATION, DISTRIBUTION, ETC. (IMPRINT)
Place of publication, distribution, etc. Nairobi
Name of publisher, distributor, etc. EAEP
Date of publication, distribution, etc. 2015
300 ## - PHYSICAL DESCRIPTION
Extent xv, 272p.
650 ## - SUBJECT ADDED ENTRY--TOPICAL TERM
Topical term or geographic name as entry element English Language
Form subdivision Study and Teaching
650 ## - SUBJECT ADDED ENTRY--TOPICAL TERM
Topical term or geographic name as entry element English language
Form subdivision Africa
942 ## - ADDED ENTRY ELEMENTS (KOHA)
Source of classification or shelving scheme Library of Congress Classification
Koha item type General Collection
Holdings
Withdrawn status Lost status Source of classification or shelving scheme Not for loan Home library Current library Date acquired Cost, normal purchase price Total Checkouts Full call number Barcode Date last seen Price effective from Koha item type
    Library of Congress Classification   Kabarak, Main Campus Kabarak, Main Campus 25/09/2018 1300.00   PE1130 .A53 2015 c.1 022215 25/09/2018 25/09/2018 General Collection